Normal view
MARC view
- Ozarks, Lake of the, Region (Mo.)
Entry Geographic Name
001 - CONTROL NUMBER
- control field: 93813
003 - CONTROL NUMBER IDENTIFIER
- control field: NUST
005 - DATE AND TIME OF LATEST TRANSACTION
- control field: 20220719120048.0
008 - FIXED-LENGTH DATA ELEMENTS
- fixed length control field: 220719|| aca||aabn | a|a d
040 ## - CATALOGING SOURCE
- Original cataloging agency: NUST
- Transcribing agency: NUST
151 ## - HEADING--GEOGRAPHIC NAME
- Geographic name: Ozarks, Lake of the, Region (Mo.)
- General subdivision: Social life and customs
- Chronological subdivision: 20th century
670 ## - SOURCE DATA FOUND
- Source citation: Work cat.: (NUST)0: Geist, William, author. 93805, Lake of the Ozarks :
